| 000 | 01224nam0a22002771 4500 | ||
|---|---|---|---|
| 001 | rc\4716078 | ||
| 005 | 20260407121602.0 | ||
| 021 |
_aRU _b[68-42590] |
||
| 035 | _a(NLR Aleph) 008727129 | ||
| 090 |
_a9454198 _c9454198 |
||
| 100 | _a20130416d1968 |||y0rusy50 ca | ||
| 101 | 0 | _arus | |
| 102 | _aRU | ||
| 105 | _aa z ||||| | ||
| 200 | 1 |
_aПути автоматизации научно-исследовательских работ _e(Материалы симпозиума) _fВычислит. центр АН СССР. Ин-т кибернетики АН УССР. Центр. бюро филос. (методол.) семинаров АН СССР |
|
| 210 |
_aМосква _cБ. и. _d1968 |
||
| 215 |
_a135 с. _cсхем. _d20 |
||
| 320 | _aБиблиогр. в конце докладов | ||
| 606 |
_aНаучная информация _xАвтоматизация _jСборники _2psbo |
||
| 606 |
_aНаучно-исследовательская работа _jСборники _2psbo |
||
| 712 | 0 | 2 |
_aАН СССР _bВычислительный центр _3RU\NLR\AUTH\889955864 _9407850 |
| 801 | 0 |
_aRU _bNLR _gpsbo |
|
| 801 | 1 |
_aRU _bELAR _2rusmarc |
|
| 852 |
_aNLR _j68-3/3677 |
||
| 942 | _cBOOK | ||
| 980 | _aNB | ||